La revolución española. (Record no. 147030)

MARC details
000 -LEADER
campo de control de longitud fija 00983nam a2200277 i 4500
001 - NÚMERO DE CONTROL
campo de control 147030
003 - IDENTIFICADOR DE NÚMERO DE CONTROL
campo de control ES-MaACL
005 - FECHA Y HORA DE LA ÚLTIMA TRANSACCIÓN
campo de control 20250824212147.0
007 - CAMPO FIJO DE DESCRIPCIÓN FÍSICA--INFORMACIÓN GENERAL
campo de control de longitud fija t|
008 - DATOS DE LONGITUD FIJA--INFORMACIÓN GENERAL
campo de control de longitud fija 070920s1977 sp ||||1| spa d
020 ## - NÚMERO INTERNACIONAL ESTÁNDAR DEL LIBRO
Número Internacional Estándar del Libro 84-244-0418-1
080 ## - NÚMERO DE LA CLASIFICACIÓN DECIMAL UNIVERSAL
Número de la Clasificación Decimal Universal 946"1931/39"
080 ## - NÚMERO DE LA CLASIFICACIÓN DECIMAL UNIVERSAL
Número de la Clasificación Decimal Universal 329.15(46)
100 1# - ENTRADA PRINCIPAL--NOMBRE DE PERSONA
Nombre de persona Trotsky, Leon,
Fechas asociadas al nombre 1879-1940
9 (RLIN) 240350
245 13 - MENCIÓN DEL TÍTULO
Título La revolución española.
Número de parte o sección de la obra II,
Nombre de parte o sección de la obra 1936-1940 /
Mención de responsabilidad, etc. León Trostky ; edición, prólogo y notas de Pierre Broncé ; [traducido por Javier Sanmartín].
260 ## - PUBLICACIÓN, DISTRIBUCIÓN, ETC.
Lugar de publicación, distribución, etc. Barcelona :
Nombre del editor, distribuidor, etc. Fontanella,
Fecha de publicación, distribución, etc. 1977.
300 ## - DESCRIPCIÓN FÍSICA
Extensión 557 p. ;
Dimensiones 21 cm.
490 1# - MENCIÓN DE SERIE
Mención de serie Libros de confrontación. Historia ;
Designación de volumen o secuencia 3
650 14 - PUNTO DE ACCESO ADICIONAL DE MATERIA--TÉRMINO DE MATERIA
Término de materia o nombre geográfico como elemento de entrada Comunismo-
Subdivisión geográfica España-
Subdivisión cronológica 1931-1939.
9 (RLIN) 11218
651 #4 - PUNTO DE ACCESO ADICIONAL DE MATERIA--NOMBRE GEOGRÁFICO
Nombre geográfico España-
Subdivisión general Historia-
Subdivisión cronológica 1931-1939, II República.
9 (RLIN) 8283
700 1# - ENTRADA AGREGADA--NOMBRE PERSONAL
Nombre de persona Broué, Pierre.
9 (RLIN) 31958
700 1# - ENTRADA AGREGADA--NOMBRE PERSONAL
Nombre de persona Sanmartin, Javier.
9 (RLIN) 103182
830 10 - PUNTO DE ACCESO ADICIONAL DE SERIE-TÍTULO UNIFORME
Título uniforme Libros de confrontación (Fontanella)
Designación de volumen o secuencia 3
9 (RLIN) 183492
852 ## - LOCALIZACIÓN
Ubicación ES-MaACL
Número de control de estantería A-7409
Holdings
Estatus retirado Estado de pérdida Estado de daño No para préstamo Biblioteca de origen Biblioteca actual Ubicación en estantería Fecha de adquisición Fuente de adquisición Total de préstamos Signatura topográfica completa Código de barras Visto por última vez Precio de reemplazo Tipo de ítem Koha
        Biblioteca del Ateneo de Madrid Biblioteca del Ateneo de Madrid Sala Pecera Planta 1 17/01/2008     A-7409 1153443 23/02/2023 23/02/2023 Libro impreso